000 00352cam a22001217a 4500
008 180718b1954 xxu||||| |||| 00| 0 eng d
082 _aB20 L585
100 _aLewis, Ewart
245 _aMedieval political ideas
_cby Ewart Lewis
260 _aLondon
_bRoutledge & Kegan Paul
_c1954
300 _a2 v. (xii, 661p.)
650 _aPolitical science --History.
999 _c422038
_d422038